Handbuch der Sonderstahlkunde : Erster Band /

Salvato in:
Dettagli Bibliografici
Autore principale: Houdremont, Eduard (Autore)
Natura: Libro
Lingua:tedesco
Pubblicazione: Berlin : Springer Verlag, 1956
Edizione:3.Aufl.
Soggetti:
Tags: Aggiungi Tag
Nessun Tag, puoi essere il primo ad aggiungerne!!

MARC

LEADER 00000nam a22000003a 4500
001 stu43363
005 20150617225717.5
008 940913s1956----gw------------------ger-d
040 |a STU  |b slo 
041 0 |a ger 
044 |a gw 
080 |a 669.15-194 
100 1 |a Houdremont, Eduard  |4 aut 
245 1 |a Handbuch der Sonderstahlkunde :  |b Erster Band /  |c [aut.]Eduard Houdremont 
250 |a 3.Aufl. 
260 |a Berlin :  |b Springer Verlag,  |c 1956 
300 |a 874 s 
650 7 |a Ocele špeciálne  |2 stusub 
650 7 |a príručky  |2 stusub 
996 |b 284M022401  |c M*8700/1-1  |l MMKN  |s A  |a 24  |w stu43363_0001